Biblioteca ESET

Crónicas deel Angel Gris (Registro nro. 1109)

Detalles MARC
000 -CABECERA
fixed length control field 00734nam a22002417a 4500
003 - CONTROL NUMBER IDENTIFIER
control field AR-BeUNQ
005 - FECHA Y HORA DE LA ULTIMA TRANSACCION
control field 20241126181249.0
008 - ELEMENTOS DE LONGITUD FIJA-INFORMACION GENERAL
fixed length control field 241126b |||||||| |||| 00| 0 spa d
020 ## - NUMERO INTERNACIONAL NORMALIZADO PARA LIBROS
Número Internacional Normalizado del libro 9509265071
040 ## - FUENTE DE CATALOGACION
Agencia de catalogación original AR-BeUNQ
Agencia que realiza la transcripción AR-BeUNQ
Convenciones de la descripción aacr
082 ## - NUMERO DE CLASIFICACION DECIMAL DEWEYMBER
Número de la edición 21
Número de clasificación A 863 DOL
100 ## - ASIENTO PRINCIPAL-NOMBRE PERSONAL
Nombre personal Dolina, Alejandro
Títulos u otras palabras asociadas al nombre aut.
Fecha asociada al nombre 1944
245 ## - MENCION DE TITULO
Título Crónicas deel Angel Gris
Mención de responsabilidad, etc Alejandro Dolina
Medio físico libro
250 ## - MENCION DE EDICION
Mención de edición 1a.ed
260 ## - PUBLICACION, DISTRIBUCION, ETC.
Lugar de publicación, distribución, etc. Montevideo,
Nombre del editor, distribuidor, etc. Ediciones de la Urraca,
Fecha de publicación, distribución, etc 1995
300 ## - DESCRIPCION FISICA
Extensión 258 p. ;
Otros detalles físicos il. ;
Dimensiones 15x22cm
500 ## - NOTA GENERAL
Nota general sumario.
505 ## - NOTA DE CONTENIDO
Nota de contenido con formato preestablecido Prólogo :en tres cartas.
Información miscelánea Sumario
650 ## - ASIENTO SECUNDARIO DE MATERIA - TERMINO TEMATICO
Fuente del encabezamiento o términ tell
Término temático o nombre geográfico como elemento de entrada Crónicas
651 ## - ASIENTO SECUNDARIO DE MATERIA - NOMBRE GEOGRAFICO
Fuente del encabezamiento o término unescot
Nombre geográfico Argentina
929 ## - DATOS DE ADQUISICION
Procedencia DONACION
Proveedor Horacio Rodriguez
Orden de compra 0
Precio 0
Fecha de recibido 2001-12-14
Número de inventario 62765
Patrimonio UNQ PAT0082728
942 ## - ELEMENTOS DE PUNTO DE ACCESO ADICIONAL (KOHA)
Tipo de ítem Koha Libros
Existencias
Estado de retiro Estado de pérdida Ubicación permanente Ubicación actual Ubicación en estantería Fecha de ingreso Total Checkouts Signatura topográfica completa Inventario Date last seen Tipo de ítem Koha Operador
    Biblioteca ESET - UNQ Biblioteca ESET - UNQ CIRCULACION 14/12/2021   A 863 DOL 62765 26/11/2024 Libros Gladys Alarcon

ESET UNQ

☏ 4365-7188
 Avenida República de Francia 1714 entre Doctor Kenny y Concordia, Ezpeleta, Bs As.
✉ secretaria_eset@unq.edu.ar

Con tecnología Koha